000 00373nam a2200169Ia 4500
100 _aAli/Shawkat/ A.B.M
650 _aDatamining
942 _cBK
366 _f25
654 _adatamining
245 _aDatamining:Methods and techniques
260 _bCengage Learning
_c2009
082 _a5.74
_bALI
300 _a299
546 _aENGLISH
_celectronics
999 _c33237
_d33237